000 00452nam a2200193Ia 4500
005 20250603144436.0
008 250603s9999 xx 000 0 und d
020 _a9780702042324
050 _aRC 78 .R33/
100 _aNigel, Raby
245 0 _aAccident & emergency radiology; a survival guide
250 _a3rd ed
260 _aPoland
260 _bElsevier Limited
260 _c2015
300 _a380 p
650 _aPoland
942 _cBK
999 _c38932
_d38932